000
00279 a2200121 4500
001
48696
020
_a
978-85-380-3400-1
040
_c
Anchieta - Bela Vista
240
1
0
_a
Brincando na fazenda
_l
por
245
1
0
_a
Brincando na fazenda
650
4
_a
Literatura infantil
942
_c
BK
999
_c
48696
_d
48696